Acta oeconomica Cassoviensia scientific journal
Enregistré dans:
| Format: | Publication en série |
|---|---|
| Langue: | anglais |
| Publié: |
Košice
Faculty of Business Economics with seat in Košice
2017
|
| Tags: |
Pas de tags, Soyez le premier à ajouter un tag!
|
MARC
| LEADER | 00000nas2a2200000 4500 | ||
|---|---|---|---|
| 001 | 0238383 | ||
| 005 | 20190201084202.6 | ||
| 022 | |a 2585-8785 | ||
| 041 | 0 | |a eng | |
| 044 | |a SK | ||
| 245 | 1 | 0 | |a Acta oeconomica Cassoviensia |b scientific journal |
| 264 | 1 | |a Košice |b Faculty of Business Economics with seat in Košice |c 2017 | |
| 773 | 0 | |w eu_un_cat*0085788 | |